| 000 | 00594nam a2200169 4500 | ||
|---|---|---|---|
| 001 | 132677 | ||
| 003 | ES-MaACL | ||
| 005 | 20230906194226.0 | ||
| 007 | t| | ||
| 008 | 070214s1931 sp r ||||1| spa d | ||
| 100 | 1 |
_aRomberg, Ernesto. _999277 |
|
| 245 | 1 | 0 |
_aTratado de las enfermedades del corazón y de los vasos / _cErnesto Romberg ; traducción de la 5ª edición alemana por Julio G. Sánchez-Lucas. |
| 260 |
_aBarcelona : _b[s.n.], _c1931 ( _fTall. Tip. Labor) |
||
| 300 |
_aXII, 716 p. ; _c25 cm. |
||
| 700 | 1 |
_aG. Sánchez-Lucas, Julio. _953111 |
|
| 852 |
_aES-MaACL _jE-1024 _bR.18695 |
||
| 999 |
_c132677 _d132677 |
||